Forage evaluation/ (Record no. 19476)

MARC details
000 -LEADER
fixed length control field 01022nam a2200373 a 4500
001 - CONTROL NUMBER
control field vtls000015581
003 - CONTROL NUMBER IDENTIFIER
control field NLI
005 - DATE AND TIME OF LATEST TRANSACTION
control field 20210601181603.0
008 - FIXED-LENGTH DATA ELEMENTS--GENERAL INFORMATION
fixed length control field 101125s1981 ii 001 0 eng
020 ## - INTERNATIONAL STANDARD BOOK NUMBER
Terms of availability Rs. 22.50
039 #9 - LEVEL OF BIBLIOGRAPHIC CONTROL AND CODING DETAIL [OBSOLETE]
-- 201011250119
-- VLOAD
040 0# - CATALOGING SOURCE
Original cataloging agency NLI
Language of cataloging eng
Transcribing agency VERGIS-2003
041 0# - LANGUAGE CODE
Language code of text/sound track or separate title eng
044 ## - COUNTRY OF PUBLISHING/PRODUCING ENTITY CODE
MARC country code ii
082 04 - DEWEY DECIMAL CLASSIFICATION NUMBER
Classification number 633.20954
100 1# - MAIN ENTRY--PERSONAL NAME
Personal name Randhir Singh
9 (RLIN) 53324
245 10 - TITLE STATEMENT
Title Forage evaluation/
Statement of responsibility, etc. Randhir Singh and K. Pradhan
260 ## - PUBLICATION, DISTRIBUTION, ETC.
Place of publication, distribution, etc. New Delhi:
Name of publisher, distributor, etc. Allied s,
Date of publication, distribution, etc. 1981
300 ## - PHYSICAL DESCRIPTION
Extent xv, 320 p.;
Dimensions 23 cm.
500 ## - GENERAL NOTE
General note Includes index
650 #0 - SUBJECT ADDED ENTRY--TOPICAL TERM
Topical term or geographic name entry element Forage plants
Geographic subdivision India
General subdivision Analysis
9 (RLIN) 53325
650 #0 - SUBJECT ADDED ENTRY--TOPICAL TERM
Topical term or geographic name entry element Grasses
9 (RLIN) 48938
650 #0 - SUBJECT ADDED ENTRY--TOPICAL TERM
Topical term or geographic name entry element Pastures
9 (RLIN) 49173
700 1# - ADDED ENTRY--PERSONAL NAME
Personal name Pradhan, K.,
Relationship jt aut
9 (RLIN) 53326
887 ## - NON-MARC INFORMATION FIELD
Content of non-MARC field Vijayalakshmi
901 ## - LOCAL DATA ELEMENT A, LDA (RLIN)
a DB 43916
b 02/06/1983
902 ## - LOCAL DATA ELEMENT B, LDB (RLIN)
a E 633.20954 R 158
903 ## - LOCAL DATA ELEMENT C, LDC (RLIN)
a 04/03/2004
904 ## - LOCAL DATA ELEMENT D, LDD (RLIN)
a Vijayalakshmi
906 ## - LOCAL DATA ELEMENT F, LDF (RLIN)
a 014648
949 ## - LOCAL PROCESSING INFORMATION (OCLC)
-- VIRTUAITEM
-- 10000
-- 1
-- 100
6 DBA000043916ENG
a E 633.20954 R158
942 ## - ADDED ENTRY ELEMENTS (KOHA)
Source of classification or shelving scheme Dewey Decimal Classification
Koha item type Books
Holdings
Withdrawn status Lost status Damaged status Not for loan Collection code Home library Current library Shelving location Date acquired Total Checkouts Full call number Barcode Date last seen Price effective from Koha item type
        New English National Library of India National Library of India New English - Main Stack Division     E 633.20954 R 158 DBA000043916ENG 01/06/2021 01/06/2021 Books
                                                                           
web counter

Copyright ©2020 The National Library of India, Govt. of India ↔ Hosted by NVLI, MOC ↔ Technology and Design by National Library of India, Ministry of Culture, Govt. of India